000 00731nam a22002297b 4500
003 3228
005 20260401130942.0
008 260401b sa a|||j |||| 00| 1 AFR d
020 _a0909230757 (hardback)
040 _aMPL
_beng
_c2000
_erda
041 _aAfrikaans
082 0 _aATF MART
100 _9123759
_a Martin, E.
_eauthor
245 _aStryd by Verneukputs /
_cdeur E. Martin ; illustrasies deur Danie van Niekerk
260 _aPretoria :
_bDaan Retief Uitgewers ,
_c1978.
300 _a92 pages :
_billustrations ;
_c21 cm
655 0 _9188476
_aYouth Fiction
655 0 _9188659
_aAdventure Stories
655 0 _9116610
_aHistorical fiction
700 _9199014
_aVan Niekerk, Danie
_eillustrator
942 _2ddc
_cBK
_w296
_xPhillipina Naude
_y296
_zPhillipina Naude
999 _c795694
_d795693